000 00510nam a22002177a 4500
003 UA-OsUOA
001 23620
007 ta
008 20040126b un ||||| |||| 00| 0 ukr d
100 _aЄрина А.М.
942 _cBK
040 _aUA-OsUOA
_brus
_cUA-OsUOA
_dUA-OsUOA
245 _aТеорія статистики
_bПрактикум
300 _a267 с.
955 _a0
041 _arus
020 _a966-620-071-6
260 _aКиїв
_bЗнання
_c2001
044 _aRU
650 7 _2UDC
999 _c309872
_d309872